| 000 | 00591nam a22001817a 4500 | ||
|---|---|---|---|
| 999 |
_c10016 _d10016 |
||
| 003 | AR-CdUCM | ||
| 008 | 190329b ||||| |||| 00| 0 spa d | ||
| 040 |
_aMUNICIPALIDAD PROVINCIAL DEL CUSCO _cBIBLIOTECA MUNICIPAL DEL CUSCO |
||
| 082 |
_a940.3 / _bS59 / 1920 |
||
| 100 |
_aSimonds, Frank H _918370 |
||
| 245 | _aHistoria de la guerra del mundo / | ||
| 260 |
_aLondres : _bW.M. Jackson, _c1920. |
||
| 300 |
_a389 paginas ; _bIlustraciones, _c26 cm. |
||
| 505 | _aContenido :Historia de la guerra en el mundo / | ||
| 650 |
_aGuerra Mundial _914440 |
||
| 942 |
_2ddc _cLIBROS |
||
| 945 | _arjall | ||